[Event "Belgrade Trophy 36th"]
[Site "Belgrade"]
[Date "2023.11.28"]
[Round "4"]
[White "Nikolic, Matija"]
[Black "Savic, Mihailo S"]
[Result "0-1"]
[WhiteElo "1927"]
[BlackElo "2157"]
[PlyCount "62"]
[EventDate "2023.11.25"]
[EventType "swiss"]
[EventRounds "9"]
[EventCountry "SRB"]
[SourceTitle "CB49_2023"]
[SourceDate "2023.12.06"]
[SourceVersion "1"]
[SourceVersionDate "2023.12.06"]
[SourceQuality "1"]

1. d4 e6 2. e4 d5 3. Nc3 Nf6 4. Bg5 Be7 5. e5 Nfd7 6. h4 Nc6 7. Be3 Ndxe5 8. dxe5 d4 9. Bxd4 Qxd4 10. Qxd4 Nxd4 11. 0-0-0 Nc6 12. Nb5 Bd8 13. Nf3 a6 14. Nbd4 Bd7 15. Nxc6 Bxc6 16. Nd4 Bd7 17. Nb3 Be7 18. Be2 a5 19. Bf3 a4 20. Nd2 0-0-0 21. Ne4 h6 22. Bh5 Bc6 23. f3 g6 24. Bg4 h5 25. Bh3 Rxd1+ 26. Kxd1 Rd8+ 27. Kc1 Rd5 28. Ng5 Bxg5+ 29. hxg5 Rxe5 30. f4 Re2 31. Rg1 Be4 0-1

[Event "SRB-ch U16"]
[Site "Kragujevac"]
[Date "2019.05.01"]
[Round "4"]
[White "Nikolic, Matija"]
[Black "Paser, Mihailo"]
[Result "1-0"]
[WhiteElo "1754"]
[BlackElo "1581"]
[PlyCount "63"]
[EventDate "2019.04.29"]
[EventType "swiss"]
[EventRounds "9"]
[EventCountry "SRB"]
[SourceTitle "EXT 2022"]
[Source "ChessBase"]
[SourceDate "2021.10.06"]
[SourceVersion "1"]
[SourceVersionDate "2021.10.06"]
[SourceQuality "1"]

1. d4 Nf6 2. c4 g6 3. Nc3 Bg7 4. e4 d6 5. f4 c5 6. d5 0-0 7. Nf3 Bg4 8. Be2 Bxf3 9. Bxf3 Nbd7 10. 0-0 a6 11. a4 Ne8 12. Be3 f5 13. exf5 gxf5 14. g4 fxg4 15. Bxg4 Nc7 16. Kh1 Nf6 17. Rg1 Rb8 18. Be2 Qe8 19. f5 b5 20. Bh6 Rf7 21. axb5 axb5 22. cxb5 Kh8 23. Rxg7 Rxg7 24. Bxg7+ Kxg7 25. Qd3 Qf7 26. Bf3 Kh8 27. Ra7 Rc8 28. b6 Nce8 29. Qa6 Rb8 30. Ra8 Nd7 31. Rxb8 Nxb8 32. Qc8 1-0

[Event "SRB-ch U16"]
[Site "Kragujevac"]
[Date "2019.04.29"]
[Round "1"]
[White "Ivanovic, Marko"]
[Black "Nikolic, Matija"]
[Result "1-0"]
[WhiteElo "2175"]
[BlackElo "1754"]
[PlyCount "61"]
[EventDate "2019.04.29"]
[EventType "swiss"]
[EventRounds "9"]
[EventCountry "SRB"]
[SourceTitle "EXT 2022"]
[Source "ChessBase"]
[SourceDate "2021.10.06"]
[SourceVersion "1"]
[SourceVersionDate "2021.10.06"]
[SourceQuality "1"]

1. Nf3 d5 2. g3 Nf6 3. Bg2 e6 4. 0-0 Bd6 5. d3 0-0 6. Nbd2 Nbd7 7. e4 c6 8. Re1 e5 9. Nh4 Nc5 10. Nf5 Bxf5 11. exf5 h6 12. g4 Nh7 13. h3 Re8 14. b3 a5 15. a3 Bc7 16. Bb2 Qd6 17. Nf1 Rad8 18. Ng3 Nf6 19. h4 d4 20. g5 Nd5 21. b4 Na4 22. Ne4 Qf8 23. Bc1 Nac3 24. Qg4 hxg5 25. hxg5 Nxe4 26. Bxe4 Qd6 27. f6 Kf8 28. Qh4 gxf6 29. gxf6 Qxf6 30. Bg5 Qg7 31. Kh1 1-0

[Event "SRB-ch U16"]
[Site "Novi Sad"]
[Date "2018.04.07"]
[Round "8"]
[White "Nikolic, Matija"]
[Black "Trifunovic, Novica"]
[Result "1-0"]
[WhiteElo "1607"]
[BlackElo "1850"]
[PlyCount "39"]
[EventDate "2018.04.02"]
[EventType "swiss"]
[EventRounds "9"]
[EventCountry "SRB"]
[SourceTitle "EXT 2019"]
[Source "ChessBase"]
[SourceDate "2018.10.10"]
[SourceVersion "1"]
[SourceVersionDate "2018.10.10"]
[SourceQuality "1"]

1. d4 Nf6 2. c4 e6 3. e3 c5 4. Nf3 d5 5. Nc3 Nc6 6. Bd3 cxd4 7. exd4 dxc4 8. Bxc4 a6 9. 0-0 b5 10. Bb3 Bd6 11. d5 exd5 12. Nxd5 Ng4 13. Re1+ Kf8 14. h3 Nge5 15. Nxe5 Bxe5 16. Be3 Bf5 17. Qf3 Be6 18. Nb6 Bxb3 19. axb3 Qd6 20. Bc5 1-0